Normal view
MARC view
Entry Topical Term
001 - CONTROL NUMBER
- control field: 40264
003 - CONTROL NUMBER IDENTIFIER
- control field: ARRUPE
005 - DATE AND TIME OF LATEST TRANSACTION
- control field: 20180307142725.0
008 - FIXED-LENGTH DATA ELEMENTS
- fixed length control field: 180307|| aca||aabn | a|a d
040 ## - CATALOGING SOURCE
- Original cataloging agency: ARRUPE
- Transcribing agency: ARRUPE
150 ## - HEADING--TOPICAL TERM
- Topical term or geographic name as entry element: Great Zimbabwe (Antiquities)
- Geographic subdivision: Zimbabwe
670 ## - SOURCE DATA FOUND
- Source citation: Work cat.: (ARRUPE)86012: Wallace, C.A 40263, The Great Zimbabwe Ruins:, 1934